000 00810cam a22002775a 4500
001 016014801
003 OSt
005 20201128024042.0
008 120117t2013 enka frd 001 0 eng d
020 _a9780273771302
020 _a0273771302
040 _aStDuBDS
_beng
_cStDuBDS
_dUk
_dEG-ScBUE
082 0 4 _a330
_222
_bHUB
100 1 _aHubbard, R. Glenn.
_938893
245 1 0 _aEconomics /
_cR. Glenn Hubbard, Anthony P. O'Brien.
250 _a4th ed., International ed.
260 _aHarlow :
_bPearson Education,
_cc.2013.
300 _a1 v. (Various pagings) :
_bill. ;
_c28 cm.
500 _aIncludes index.
500 _aIncludes glossary.
650 7 _aEconomics.
_2BUEsh
_9720
651 _2BUEsh
653 _bBUSECO
_cDecember2016
700 1 _aO'Brien, Anthony Patrick.
_941421
942 _2ddc
999 _c23466
_d23438